00339nam a22001217a 4500082002400000100002100024245005500045260003800100300001400138526003700152650000800189700002000197 a531bBOWcL-6, P-10 aO. Bower, Ernest aLaboratory manual dynamic physicscErnest O. Bower aUSAbRand Monally & Companyc1943 avi, 296P: a0b0c0d531_000000000000000_BOW aMCE aEnrest O. Bower